000 00620nam a22001935i 4500
001 164545
003 ES-MaACL
005 20231229063050.0
008 940301s1886 sp |||| | spa d
040 _aAS
_bspa
080 _a329(460)
100 1 _aSánchez, Miguel,
_d1833-1889
_9102411
245 1 0 _aNovedad e ilegitimidad del Carlismo /
_cpor Miguel Sánchez.
260 _aMadrid :
_b[s.n.],
_c1886 (
_fImprenta de E. de la Riva)
300 _a202 p. ;
_c23 cm.
650 4 _aCarlismo.
_910781
852 _aES-MaACL
_jT-464-F-2
_z-- Enc. hol.
_z-- Enc. en un vol. facticio
999 _c164545
_d164545